LEADER 01392nam--2200469---450 001 990000975370203316 005 20210901002353.0 010 $a88-07-05086-2 035 $a0097537 035 $aUSA010097537 035 $a(ALEPH)000097537USA01 035 $a0097537 100 $a20020222d1991----km-y0itay0103----ba 101 $aita 102 $aIT 105 $a||||||||001yy 200 1 $aChiari del bosco$fMarķa Zambrano$gtraduzione di Carlo Ferrucci 210 $aMilano$cFeltrinelli$d1991 215 $a181 p$d22 cm 225 2 $aImpronte$v86 312 $aClaros del bosque 410 $12001$aImpronte$v86 454 $12001$aClaros del bosque$948298 676 $a864.64 700 1$aZAMBRANO,$bMarķa$0143956 801 0$aIT$bsalbc$gISBD 912 $a990000975370203316 951 $aII.1.D. 541 (XII A COLL. 9/86)$b107696 LM$cXII A COLL. 951 $aXV.18.A. 1317 (FDC ZAM)$b4903 FIL$cXV.18.A$d537163 959 $aBK 969 $aUMA 969 $aFDECI 979 $aPATTY$b90$c20020222$lUSA01$h0956 979 $aPATTY$b90$c20020325$lUSA01$h1046 979 $c20020403$lUSA01$h1739 979 $aPATRY$b90$c20040406$lUSA01$h1707 979 $aCOPAT4$b90$c20050513$lUSA01$h1548 979 $c20121027$lUSA01$h1546 979 $c20121027$lUSA01$h1606 979 $c20121027$lUSA01$h1610 996 $aClaros del bosque$948298 997 $aUNISA LEADER 01126nam0-22003851i-450 001 990001729460403321 005 20221219102330.0 010 $a88-206-2370-6 035 $a000172946 035 $aFED01000172946 035 $a(Aleph)000172946FED01 035 $a000172946 100 $a20030910d1989----km-y0itay50------ba 101 1 $aita 102 $aIT 200 1 $aNeuroanatomia funzionale dei mammiferi$fThomas W. Jenkins$gedizione italiana a cura di Ruggero Bortolami, Emilio Callegari 210 $aBologna$cEdagricole$d1989 215 $aXIV, 378 p.$d27 cm 610 0 $aMammiferi$aAnatomia 676 $a636.089 1 676 $a591.4 700 1$aJenkins,$bThomas W.$074881 702 1$aBortolami,$bRuggero 702 1$aCallegari,$bEmilio 801 0$aIT$bUNINA$gRICA$2UNIMARC 901 $aBK 912 $a990001729460403321 952 $a60 636.089 JENT 1989$b1793$fFAGBC 952 $a636.0891 JEN1$b792$fFMVBC 952 $aIIIc C 183 bis$b10009$fDMVSF 959 $aFAGBC 959 $aFMVBC 959 $aDMVSF 996 $aNeuroanatomia funzionale dei mammiferi$9365300 997 $aUNINA